000 03173cam a2200625 i 4500
999 _c1090
_d1090
001 21745488
003 OSt
005 20210531114107.0
008 201006t20192019cou d 000 1 eng d
010 _a 2020275111
015 _aGBB9G7852
_2bnb
016 7 _a019569354
_2Uk
020 _a9781640637078
_q(paperback)
020 _a1640637079
_q(paperback)
035 _a(OCoLC)on1079866081
040 _aYDX
_beng
_cYDX
_dBDX
_dATWFP
_dUKMGB
_dOCLCO
_dTDS
_dILC
_dIJ5
_dOCLCF
_dJAS
_dRIOSL
_dDLC
_dKH8
042 _alccopycat
082 0 0 _aFIC ROB
_223
100 1 _aRoberts, Lisa Brown,
_eauthor.
245 1 4 _aThe bookworm crush /
_cLisa Brown Roberts.
246 3 _aBook worm crush
250 _aFirst edition.
264 1 _aFort Collins, CO :
_bEntangled Teen, an imprint of Entangled Publishing LLC,
_c2019.
264 4 _c©2019
300 _a371 pages ;
_c21 cm
336 _atext
_btxt
_2rdacontent
337 _aunmediated
_bn
_2rdamedia
338 _avolume
_bnc
_2rdacarrier
520 _a"Shy bookworm Amy McIntyre is about to compete for the chance to interview her favorite author, who hasn't spoken to the press in years. The only way to win is to step out of the shadows and into the spotlight, but that level of confidence has never come easy. The solution? A competition coach. The problem? The best person for the job is the guy she's secretly crushing on...local surfer celebrity Toff Nichols. He's a player. He's a heartthrob. He makes her forget basic things, like how to breathe. How can she feel any confidence around him? To her surprise, Toff agrees to help. And he's an excellent teacher. Amy feels braver--maybe even brave enough to admit her feelings for him. When their late night practices become less about coaching and more about making out, Amy's newfound confidence wavers. But does Toff really like her or is this just another lesson?" --
_cAmazon.com.
650 0 _aTeenagers
_xSexual behavior
_vJuvenile fiction.
650 0 _aHigh school students
_vJuvenile fiction.
650 0 _aTeenagers
_vJuvenile fiction.
650 0 _aInterpersonal relations
_vJuvenile fiction.
650 0 _aConfidence
_vJuvenile fiction.
650 0 _aSurfers
_vJuvenile fiction.
650 0 _aCelebrities
_vJuvenile fiction.
650 0 _aContests
_vJuvenile fiction.
650 7 _aCelebrities.
_2fast
_0(OCoLC)fst00850072
650 7 _aConfidence.
_2fast
_0(OCoLC)fst00874685
650 7 _aContests.
_2fast
_0(OCoLC)fst00876656
650 7 _aHigh school students.
_2fast
_0(OCoLC)fst00956174
650 7 _aInterpersonal relations.
_2fast
_0(OCoLC)fst00977397
650 7 _aSurfers.
_2fast
_0(OCoLC)fst01139319
650 7 _aTeenagers.
_2fast
_0(OCoLC)fst01145551
650 7 _aTeenagers
_xSexual behavior.
_2fast
_0(OCoLC)fst01145644
655 0 _aYoung adult fiction.
655 7 _aFiction.
_2fast
_0(OCoLC)fst01423787
655 7 _aJuvenile works.
_2fast
_0(OCoLC)fst01411637
655 7 _aRomance fiction.
_2fast
_0(OCoLC)fst01921732
655 7 _aYoung adult works.
_2fast
_0(OCoLC)fst01726790
655 7 _aLove stories.
_2gsafd
655 7 _aRomance fiction.
_2lcgft
906 _a7
_bcbc
_ccopycat
_d2
_encip
_f20
_gy-gencatlg
942 _2ddc
_cFIC